00811nam a22001217a 4500999001500000020001800015100001400033245002300047250001100070260002800081942001600109952056400125 c7237d7237 a9789861946023 a郭雅雯 a居家護理實務 a一版 a台北市b華杏c2021 2cclcLNTERM 00102ccl4070ayeezenbyeezencN028d2021-12-27l12m6o419.79pC02824q2026-06-30r2026-01-02 00:00:00s2026-01-02w2021-12-27yLNTERMz臺灣自2018年3月起65歲以上老年人口超過14%,正式邁入高齡社會。此外,也隨著醫療高端發展,平均餘命延長,而疾病的型態也轉變為以慢性病居多,長期照顧的需求相對提高。此外,大多個案希望能在家中熟悉的環境中休養,甚至是人生最後一段路,也希望能「在家善終」,這正是居家護理發展的核心價值所在......